Elecciones 2006: la otra Nicaragua posible /
שמור ב:
| מחבר ראשי: | |
|---|---|
| פורמט: | לא ידוע |
| שפה: | Spanish |
| יצא לאור: |
Nicaragua:
Centro de Estudios de la Realidad Nacional (CEREN)
|
| תגים: |
הוספת תג
אין תגיות, היה/י הראשונ/ה לתייג את הרשומה!
|
MARC
| LEADER | 00000 a2200000 04500 | ||
|---|---|---|---|
| 001 | 44000 | ||
| 003 | cru CIDCACS/IIS | ||
| 005 | 20231211104127.0 | ||
| 008 | 050628s2006 nq spa d | ||
| 020 | |a [sin ISBN] | ||
| 040 | |a cru CIDCACS/IIS |c cru CIDCACS/IIS | ||
| 090 | |a 04.04.02 V297e | ||
| 100 | |a Vargas, Oscar René | ||
| 245 | |a Elecciones 2006: la otra Nicaragua posible / |c Oscar René Vargas | ||
| 260 | |a Nicaragua: |b Centro de Estudios de la Realidad Nacional (CEREN) | ||
| 300 | |a 279 páginas | ||
| 942 | |2 z |c LI |h 04.04.02 V297e |i 14663 |6 040402_V297E_14663 | ||
| 999 | |c 13286 |d 13286 | ||
